000 nam a22 7a 4500
999 _c9904
_d9904
008 180208b ||||| |||| 00| 0 eng d
100 _aMaanu Graphics
_95973
245 _aIllustrated Passionate Facts
260 _aNew Delhi
_bMohit Publication
_c2012